| 000 | 00712nam a2200253 a 4500 | ||
|---|---|---|---|
| 001 | vtls000968151 | ||
| 003 | NLI | ||
| 005 | 20210627095149.0 | ||
| 008 | 120112s1883 enk 000 0 eng | ||
| 039 | 9 |
_y201201121754 _zEntertech_02 |
|
| 040 | 0 |
_aNLI _beng _cEntertech-2011 _eAACR2 |
|
| 041 | 0 | _aeng | |
| 044 | _aenk | ||
| 084 | _a104.G.9 | ||
| 100 | 1 |
_aBradshaw, John _9789394 |
|
| 245 | 1 | 0 |
_aNew Zealand as it is / _cJohn Bradeshaw |
| 260 |
_aLondon : _bSampson Low Marston, _c1883 |
||
| 300 |
_aviii, 392 p. ; _c22 cm. |
||
| 651 | 0 |
_aNew Zealand _xDescription and travel _9780273 |
|
| 887 | _a | ||
| 901 |
_aIMP55421 : _b19.08.2010 |
||
| 902 | _a104.G.9 | ||
| 999 |
_aVIRTUA _c793199 _d793199 |
||
| 942 |
_2ddc _cBKS |
||